Statistiques concernant Pays et capitales d'Amérique du Sud

Cliquez ici pour prendre le quiz!

Statistiques générales

  • Ce quiz a été pris 680 fois
  • Le résultat moyen est 19 sur 24

Réponses sur la Carte

Les réponses sont colorées sur une échelle allant du rouge au vert en fonction du pourcentage des utilisateurs qui les ont devinées à leur premier essai. Vous pouvez retrouver ces pourcentages ci-dessous.
 

Statistiques - réponses

Réponse% Correct
Brasília
95%
Brésil
95%
Argentine
94%
Uruguay
93%
Chili
92%
Buenos Aires
90%
Colombie
90%
Pérou
90%
Bolivie
89%
Paraguay
89%
Venezuela
89%
Équateur
88%
Guyana
85%
Lima
83%
Suriname
80%
Bogotá
78%
Montevideo
78%
Santiago
77%
La Paz / Sucre
74%
Caracas
68%
Quito
65%
Asunción
59%
Georgetown
51%
Paramaribo
43%

Distribution des résultats

Percentile par nombre de réponses

% des personnes avec chaque résultat

Votre développement - résultats

Vous n’avez pas pris ce quiz